<?xml version="1.0" encoding="UTF-8"?><?xml-stylesheet type="text/xsl" href="static/style.xsl"?><OAI-PMH xmlns="http://www.openarchives.org/OAI/2.0/" xmlns:xsi="http://www.w3.org/2001/XMLSchema-instance" xsi:schemaLocation="http://www.openarchives.org/OAI/2.0/ http://www.openarchives.org/OAI/2.0/OAI-PMH.xsd"><responseDate>2026-06-01T02:29:35Z</responseDate><request verb="GetRecord" identifier="oai:docta.ucm.es:20.500.14352/116929" metadataPrefix="marc">https://docta.ucm.es/rest/oai/request</request><GetRecord><record><header><identifier>oai:docta.ucm.es:20.500.14352/116929</identifier><datestamp>2025-03-18T13:01:28Z</datestamp><setSpec>com_20.500.14352_14</setSpec><setSpec>col_20.500.14352_15</setSpec></header><metadata><record xmlns="http://www.loc.gov/MARC21/slim" xmlns:dcterms="http://purl.org/dc/terms/" xmlns:xsi="http://www.w3.org/2001/XMLSchema-instance" xmlns:doc="http://www.lyncode.com/xoai" xsi:schemaLocation="http://www.loc.gov/MARC21/slim http://www.loc.gov/standards/marcxml/schema/MARC21slim.xsd">
   <leader>00925njm 22002777a 4500</leader>
   <datafield ind2=" " ind1=" " tag="042">
      <subfield code="a">dc</subfield>
   </datafield>
   <datafield ind2=" " ind1=" " tag="720">
      <subfield code="a">Velasco Sanz, Tamara Raquel</subfield>
      <subfield code="e">author</subfield>
   </datafield>
   <datafield ind2=" " ind1=" " tag="720">
      <subfield code="a">Pinto Pastor, María Del Pilar</subfield>
      <subfield code="e">author</subfield>
   </datafield>
   <datafield ind2=" " ind1=" " tag="720">
      <subfield code="a">Moreno Milán, Beatriz</subfield>
      <subfield code="e">author</subfield>
   </datafield>
   <datafield ind2=" " ind1=" " tag="720">
      <subfield code="a">Mower Hanlon, Lydia Frances</subfield>
      <subfield code="e">author</subfield>
   </datafield>
   <datafield ind2=" " ind1=" " tag="720">
      <subfield code="a">Herreros Ruiz-Valdepeñas, Benjamín</subfield>
      <subfield code="e">author</subfield>
   </datafield>
   <datafield ind2=" " ind1=" " tag="260">
      <subfield code="c">2021-07-12</subfield>
   </datafield>
   <datafield ind2=" " ind1=" " tag="520">
      <subfield code="a">In March 2021, the Spanish Congress approved the law regulating euthanasia, that regulates both euthanasia and physician-assisted suicide (PAS). In this article, we analyse the Spanish law regulating euthanasia and PAS, comparing it with the rest of the European laws on euthanasia and PAS (Netherlands, Belgium and Luxembourg). Identified strengths of the Spanish law, with respect to other norms, are that it is a law with many safeguards, which broadly recognises professionals’ right to conscientious objection and the specification that it makes on the prior comprehensive care of the patient, including the approach to care dependency. Regarding its shortcomings, the law does not differentiate well between euthanasia and PAS; it barely assigns a role to the healthcare team as a whole (similar to other regulations); it does not clarify the functions of the different professionals involved; it does not detail the specific composition and duration of theevaluation commission; it has not been accompanied by a prior or simultaneous regulation of palliative care; and, lastly, the period of time to implement the law is too short.</subfield>
   </datafield>
   <datafield ind1="8" ind2=" " tag="024">
      <subfield code="a">Velasco Sanz T, Pinto Pastor P, Moreno-Milán B, Mower Hanlon LF, Herreros B. Spanish  regulation of euthanasia and physician-assisted suicide. J Med Ethics 2021</subfield>
   </datafield>
   <datafield ind1="8" ind2=" " tag="024">
      <subfield code="a">0306-6800</subfield>
   </datafield>
   <datafield ind1="8" ind2=" " tag="024">
      <subfield code="a">10.1136/medethics-2021-107523</subfield>
   </datafield>
   <datafield ind1="8" ind2=" " tag="024">
      <subfield code="a">https://hdl.handle.net/20.500.14352/116929</subfield>
   </datafield>
   <datafield ind1="8" ind2=" " tag="024">
      <subfield code="a">1473-4257</subfield>
   </datafield>
   <datafield ind1="8" ind2=" " tag="024">
      <subfield code="a">https://doi.org/10.1136/medethics-2021-107523</subfield>
   </datafield>
   <datafield ind1="8" ind2=" " tag="024">
      <subfield code="a">https://jme.bmj.com/content/49/1/49</subfield>
   </datafield>
   <datafield ind2="0" ind1="0" tag="245">
      <subfield code="a">Spanish regulation of euthanasia and physician-  assisted suicide</subfield>
   </datafield>
</record></metadata></record></GetRecord></OAI-PMH>